| 000 -LEADER |
| fixed length control field |
01048cam a2200289 a 4500 |
| 001 - CONTROL NUMBER |
| control field |
.b30846559 |
| 003 - CONTROL NUMBER IDENTIFIER |
| control field |
OCoLC |
| 005 - DATE AND TIME OF LATEST TRANSACTION |
| control field |
20191227095419.0 |
| 008 - FIXED-LENGTH DATA ELEMENTS--GENERAL INFORMATION |
| fixed length control field |
930601r19941951nyuab j 000 1 eng |
| 010 ## - LIBRARY OF CONGRESS CONTROL NUMBER |
| LC control number |
93011514 |
| 020 ## - INTERNATIONAL STANDARD BOOK NUMBER |
| International Standard Book Number |
9780060234836 |
| 040 ## - CATALOGING SOURCE |
| Original cataloging agency |
DLC |
| Transcribing agency |
DLC |
| Modifying agency |
OCO |
| -- |
JBW |
| -- |
XFF |
| -- |
XY4 |
| -- |
YBM |
| -- |
BAKER |
| -- |
IXA |
| -- |
BTCTA |
| -- |
YDXCP |
| -- |
CKK |
| -- |
SRB |
| -- |
OCLCG |
| 042 ## - AUTHENTICATION CODE |
| Authentication code |
lcac |
| 082 ## - DEWEY DECIMAL CLASSIFICATION NUMBER |
| Classification number |
FIC LEW |
| 100 1# - MAIN ENTRY--PERSONAL NAME |
| Personal name |
Lewis, C. S. |
| Fuller form of name |
(Clive Staples), |
| Dates associated with a name |
1898-1963. |
| Relator term |
author |
| 245 10 - TITLE STATEMENT |
| Title |
Prince Caspian : |
| Remainder of title |
the return to Narnia / |
| Statement of responsibility, etc. |
C.S. Lewis ; illustrated by Pauline Baynes. |
| 250 ## - EDITION STATEMENT |
| Edition statement |
1st HarperCollins ed. |
| 260 ## - PUBLICATION, DISTRIBUTION, ETC. |
| Place of publication, distribution, etc. |
New York : |
| Name of publisher, distributor, etc. |
HarperCollins, |
| Date of publication, distribution, etc. |
1994. |
| 300 ## - PHYSICAL DESCRIPTION |
| Extent |
238 p. : |
| Other physical details |
ill. map ; |
| Dimensions |
24 cm. |
| 440 ## - SERIES STATEMENT/ADDED ENTRY--TITLE |
| Title |
The Chronicles of Narnia ; |
| Number of part/section of a work |
bk. 4. |
| 520 ## - SUMMARY, ETC. |
| Summary, etc. |
Four children help Prince Caspian and his army of Talking Beasts to free Narnia from evil. |
| 650 #1 - SUBJECT ADDED ENTRY--TOPICAL TERM |
| Topical term or geographic name entry element |
Fantasy. |
| 650 #0 - SUBJECT ADDED ENTRY--TOPICAL TERM |
| Topical term or geographic name entry element |
Fantasy |
| Form subdivision |
Juvenile. |
| 700 1# - ADDED ENTRY--PERSONAL NAME |
| Personal name |
Baynes, Pauline. |
| Relator term |
ill. |
| 856 42 - ELECTRONIC LOCATION AND ACCESS |
| Public note |
Publisher description |
| Uniform Resource Identifier |
<a href="http://www.loc.gov/catdir/description/hc041/93011514.html">http://www.loc.gov/catdir/description/hc041/93011514.html</a> |
| 942 ## - ADDED ENTRY ELEMENTS (KOHA) |
| Source of classification or shelving scheme |
|
| Koha item type |
Books - Fiction |